Statistiques concernant Les 20 préfectures les plus proches de Bourges

Cliquez ici pour prendre le quiz!

Statistiques générales

  • Ce quiz a été pris 94 fois
    (85 depuis la dernière actualisation)
  • Le résultat moyen est 14 sur 20

Statistiques - réponses

distance (en km)ville préfecture% Correct
99Orléans
100%
134Tours
93%
198Paris
91%
58Nevers
89%
154Clermont Ferrand
87%
62Chateauroux
85%
98Blois
84%
163.70Limoges
79%
201.62Dijon
76%
119Auxerre
73%
166.30Chartres
71%
166.42Poitiers
71%
91Moulins
69%
172Evry Courcouronnes
61%
195Le Mans
61%
109Guéret
59%
193Versailles
55%
185Troyes
49%
163.56Melun
47%
189Créteil
44%

Distribution des résultats

Percentile par nombre de réponses

% des personnes avec chaque résultat

Votre développement - résultats

Vous n’avez pas pris ce quiz depuis la dernière actualisation